书目信息 |
| 题名: |
费孝通论文化与文化自觉
|
|
| 作者: | 费孝通 著 | |
| 分册: | ||
| 出版信息: | 北京 群言出版社 2007 |
|
| 页数: | 442页 | |
| 开本: | 22cm | |
| 丛书名: | ||
| 单 册: | ||
| 中图分类: | G0-53 | |
| 科图分类: | ||
| 主题词: | 文化学--文集 | |
| 电子资源: | ||
| ISBN: | 978-7-80080-648-3 | |
| 000 | 00786nam0 2200229 450 | |
| 001 | 1253378030 | |
| 005 | 20121005145011.14 | |
| 010 | @a978-7-80080-648-3@dCNY38.00 | |
| 100 | @a20111117d2007 em y0chiy0110 ea | |
| 101 | 0 | @achi |
| 102 | @aCN@b110000 | |
| 105 | @ay z 000yy | |
| 200 | 1 | @a费孝通论文化与文化自觉@Afei xiao tong lun wen hua yu wen hua zi jue@f费孝通著 |
| 205 | @a2版 | |
| 210 | @a北京@c群言出版社@d2007 | |
| 215 | @a442页@d22cm | |
| 330 | @a本书收录了作者《中国文化内部变异的研究举例》、《土地里长出来的文化》、《文化论与社会学》、《中华民族的多元一体格局》、《从小培养二十一世的人》等有关文化与文化自觉的文集。 | |
| 606 | 0 | @a文化学@j文集 |
| 690 | @aG0-53@v4 | |
| 701 | 0 | @a费孝通@Afei xiao tong@4著 |
| 801 | 0 | @aCN@bNLC@c20111117 |
| 905 | @a10447@dG0-53@eJY56 | |
| 费孝通论文化与文化自觉/费孝通著.-2版.-北京:群言出版社,2007 |
| 442页;22cm |
| ISBN 978-7-80080-648-3:CNY38.00 |
| 本书收录了作者《中国文化内部变异的研究举例》、《土地里长出来的文化》、《文化论与社会学》、《中华民族的多元一体格局》、《从小培养二十一世的人》等有关文化与文化自觉的文集。 |
| ● |
| 相关链接 |
|
|
|
|
正题名:费孝通论文化与文化自觉
索取号:G0-53/JY56
 
预约/预借
| 序号 | 登录号 | 条形码 | 馆藏地/架位号 | 状态 | 备注 |
| 1 | 7814499 | 278144991 | 学院路分馆/ [索取号:G0-53/JY56] | 在馆 | |
| 2 | 7814500 | 278145008 | 学院路分馆/ [索取号:G0-53/JY56] | 在馆 |